Amanecer en el bajo Huatanay (Record no. 2465)

MARC details
000 -LEADER
campo de control de longitud fija 00305nam a2200121Ia 4500
005 - FECHA Y HORA DE LA ÚLTIMA TRANSACCIÓN
campo de control 20251222121409.0
008 - DATOS DE LONGITUD FIJA--INFORMACIÓN GENERAL
campo de control de longitud fija 251222s1900||||xx |||||||||||||| ||spa||
020 ## - NÚMERO INTERNACIONAL ESTÁNDAR DEL LIBRO
Número Internacional Estándar del Libro 9972-2515-1-9
082 ## - NÚMERO DE LA CLASIFICACIÓN DECIMAL DEWEY
Número de clasificación 985.612/R53
100 ## - ENTRADA PRINCIPAL--NOMBRE DE PERSONA
Nombre de persona "Ricalde Ríos, Eliana, coor."
245 #0 - MENCIÓN DEL TÍTULO
Título Amanecer en el bajo Huatanay
942 ## - ELEMENTOS DE ENTRADA SECUNDARIOS (KOHA)
Tipo de ítem Koha Material audiovisual
Holdings
Estatus retirado Estado de pérdida Estado de daño No para préstamo Biblioteca de origen Biblioteca actual Ubicación en estantería Fecha de adquisición Total de préstamos Signatura topográfica completa Código de barras Visto por última vez Precio de reemplazo Tipo de ítem Koha
        Biblioteca Tarma Biblioteca Tarma Programa 22/12/2025   985.612/R53 0000994 22/12/2025 22/12/2025 Material audiovisual